000 00313nam a22001337a 4500
008 131202t xxu||||| |||| 00| 0 eng d
020 _a0-323-04331-3
040 _aASAB
_cASAB
100 _aRoderick Nairn
_9346
245 _aImmunology for Medical Students
250 _a2nd ed.
300 _a340
942 _2ddc
_cBK
999 _c16615
_d16615